| 000 | 00852cam a2200193 i 4500 | ||
|---|---|---|---|
| 005 | 20260122091438.0 | ||
| 008 | 250721s2020 jo gr 000 0 ara d | ||
| 020 | _a9789957916251 | ||
| 082 | 1 | 4 |
_a344.042 _bع ر م |
| 100 | 1 |
_aالعرموطي، وائل علي _eمؤلف. |
|
| 245 | 1 | 2 |
_aالاطار القانوني لمسؤولية الادارة عن الأمن الدوائي : _bوأثر اتفاقية تريبس و اتفاقية التجارة الحرة الاردنية - الامريكية / _cالدكتور علي العرموطي. |
| 250 | _aالطبعة الاولى. | ||
| 264 | 3 | 1 |
_aعمان : _bدار وائل للنشر و التوزيع، _c2020. |
| 300 | _a254 صفحة. | ||
| 650 | 1 | 7 | _aالادوية. |
| 650 | 1 | 7 | _aالرقابة الدولية للعقاقير. |
| 942 |
_2ddc _cBK |
||
| 999 |
_c140498 _d140498 |
||